<?xml version="1.0" encoding="UTF-8"?><?xml-stylesheet type="text/xsl" href="static/style.xsl"?><OAI-PMH xmlns="http://www.openarchives.org/OAI/2.0/" xmlns:xsi="http://www.w3.org/2001/XMLSchema-instance" xsi:schemaLocation="http://www.openarchives.org/OAI/2.0/ http://www.openarchives.org/OAI/2.0/OAI-PMH.xsd"><responseDate>2026-04-17T11:54:44Z</responseDate><request verb="GetRecord" identifier="oai:www.recercat.cat:10256/20515" metadataPrefix="marc">https://recercat.cat/oai/request</request><GetRecord><record><header><identifier>oai:recercat.cat:10256/20515</identifier><datestamp>2024-05-22T11:29:00Z</datestamp><setSpec>com_2072_452966</setSpec><setSpec>com_2072_2054</setSpec><setSpec>col_2072_452968</setSpec></header><metadata><record xmlns="http://www.loc.gov/MARC21/slim" xmlns:dcterms="http://purl.org/dc/terms/" xmlns:xsi="http://www.w3.org/2001/XMLSchema-instance" xmlns:doc="http://www.lyncode.com/xoai" xsi:schemaLocation="http://www.loc.gov/MARC21/slim http://www.loc.gov/standards/marcxml/schema/MARC21slim.xsd">
   <leader>00925njm 22002777a 4500</leader>
   <datafield ind2=" " ind1=" " tag="042">
      <subfield code="a">dc</subfield>
   </datafield>
   <datafield ind2=" " ind1=" " tag="720">
      <subfield code="a">Ventura Pericot, Anna</subfield>
      <subfield code="e">author</subfield>
   </datafield>
   <datafield ind2=" " ind1=" " tag="260">
      <subfield code="c">2021</subfield>
   </datafield>
   <datafield ind2=" " ind1=" " tag="520">
      <subfield code="a">Violence Against Woman (VAW) is a very serious fact that affects millions of women&#xd;
around the world, considered one of the major public health problems worldwide.&#xd;
This is due to the gender inequalities created by the patriarchal culture that forms the&#xd;
vast majority of our societies. The health consequences of suffering VAW are many and&#xd;
some of them last a long time.&#xd;
Of the various forms of VAW, the most common is psychological violence, and in most&#xd;
cases also the most invisibilized. In addition, if it’s difficult to detect it, you add to it the&#xd;
myths of VAW and the internalization of romantic love that young people have, who are&#xd;
most affected, makes it even more difficult.&#xd;
The health system is usually the first assistance and help to VAW victims. For this reason&#xd;
it’s essential that as health professionals we make good prevention, detection, care and&#xd;
recovery. From Primary Care Centers (PCC) is the most accessible place we have to carry&#xd;
out, above all, good prevention and detection. Apart from the subsequent follow-up,&#xd;
support and coordination with other professionals that each woman may require.&#xd;
Objective: To know the prevalence of psychological VAW suffered and suffered by&#xd;
young women in the Basic Health Area (BHA) of Salt.&#xd;
This project involves the development of a screening tool to detect gender-based&#xd;
psychological violence in young women.</subfield>
   </datafield>
   <datafield ind2=" " ind1=" " tag="520">
      <subfield code="a">La Violència Masclista (VM) és un fet molt greu que afecta a milions de dones arreu del&#xd;
món, considerat un dels grans problemes de salut pública a nivell mundial. Aquesta és&#xd;
causa de les desigualtats entre els gèneres creada per la cultura patriarcal que forma la&#xd;
gran majoria de les nostres societats. Les conseqüències en la salut per haver patit VM&#xd;
són diverses i algunes d’elles perduren una llarga durada en el temps.&#xd;
De les diferents formes que té la VM, la més freqüent és la violència psicològica i en la&#xd;
majoria de casos també la més invisibilitzada. A més a més, si ja és complicada la seva&#xd;
detecció, li afegeixes els mites de la VM i la interiorització de l’amor romàntic que tenen&#xd;
els joves, que en són els més afectats, encara ho dificulta més.&#xd;
El sistema de salut habitualment és el primera assistència i ajuda que reben les víctimes&#xd;
de VM. Per aquesta raó és essencial que com a professionals sanitaris fem una bona&#xd;
prevenció, detecció, atenció i recuperació. Des dels Centres d’Atenció Primària (CAP) és&#xd;
el lloc més accessible que tenim per realitzar sobretot una bona prevenció i detecció. A&#xd;
part del posterior seguiment, acompanyament i coordinació amb altres professionals&#xd;
que pugui requerir cada dona.&#xd;
Objectiu: Conèixer la prevalença de violència masclista psicològica que han patit i&#xd;
pateixen les dones joves de l’Àrea Bàsica de Salut (ABS) de Salt.&#xd;
Aquest projecte porta implícit l’elaboració d’una eina de mesura de cribratge per&#xd;
detectar la violència psicològica masclista en les dones joves.</subfield>
   </datafield>
   <datafield ind2=" " ind1=" " tag="520">
      <subfield code="a">Premi Institut Català de les Dones al millor Treball de Fi de Grau en Infermeria amb perspectiva de gènere</subfield>
   </datafield>
   <datafield ind1="8" ind2=" " tag="024">
      <subfield code="a">http://hdl.handle.net/10256/20515</subfield>
   </datafield>
   <datafield tag="653" ind2=" " ind1=" ">
      <subfield code="a">Violència envers les dones -- Catalunya -- Salt</subfield>
   </datafield>
   <datafield tag="653" ind2=" " ind1=" ">
      <subfield code="a">Women -- Abuse of -- Catalonia -- Salt</subfield>
   </datafield>
   <datafield tag="653" ind2=" " ind1=" ">
      <subfield code="a">Violència psicològica</subfield>
   </datafield>
   <datafield tag="653" ind2=" " ind1=" ">
      <subfield code="a">Psychological abuse</subfield>
   </datafield>
   <datafield tag="653" ind2=" " ind1=" ">
      <subfield code="a">Noies adolescents</subfield>
   </datafield>
   <datafield tag="653" ind2=" " ind1=" ">
      <subfield code="a">Teenage girls</subfield>
   </datafield>
   <datafield ind2="0" ind1="0" tag="245">
      <subfield code="a">Prevalença de la violència masclista psicològica en adolescents a través d'un nou instrument de cribatge: projecte de recerca</subfield>
   </datafield>
</record></metadata></record></GetRecord></OAI-PMH>